Регионална библиотека "Любен Каравелов" - Русе

Briefe von Goethes Mutter (Запис номер 343536)

MARC детайли
000 -Лидер
Контролно поле с фиксирана дължина 00976nam a2200325 c 4500
003 - Код на организацията, давaща контролен номер
Контролно поле BLK
005 - Дата и час на последна редакция
Контролно поле 20190913121242.0
008 - Елементи от данни с фиксирана дължина
fixed length control field 180911b bul|||||r ||||||| ||bul||
010 ## - Наследен системен номер
LC control number 003197
040 ## - Източник на каталожния запис
Идентификатор на билиотеката - собственик на записа BLK
041 ## - Код за език
Код за езика на текст/звукозапис или на отделно заглавие Немски
080 ## - УДК
УДК - код + определител 830-6
100 1# - Редна дума - Автор
Автор GOETHE, Christiane von
Авторска отговорност първи автор
245 00 - Сведения за заглавието
Заглавие Briefe von Goethes Mutter
246 ## - Различни форми на заглавието
Наименование на поредна част от произведението епос-писма
260 ## - Област на издателските данни
Място на издаване, разпространение и проч. Leipzig
Име на издателя, разпространителя и проч. Philipp Reclam
Година на издаване s.a
300 ## - Физическа характеристика
Страници 296, 13 с
Размери/Мащаб 14 см
380 ## - Жанр
Жанр Литературознание
490 ## - СЕРИИ (Колекции)
Име на серия Univ.-Bibl
490 ## - СЕРИИ (Колекции)
Име на серия Частна колекция - Академик Михаил Арнаудов
Бележки за серията Дарение - Основен фонд
520 ## - Забележка за наличие на резюме, анотация и т.н
Анотация, рецензия, сканиран текст Михаил Арнаудов: подпис
600 ## - Име на лице, използвано като предмет
9 (RLIN)
За него / За нея Miniatur-Ausg.
653 ## - Ключова дума – ненормативна
9 (RLIN)
Ключова дума епос
653 ## - Ключова дума – ненормативна
9 (RLIN)
Ключова дума писма
655 ## - Ключова дума – жанр/разновидност
Данни за жанр/разновидност или ключова дума за фокус немска литература
700 1# - Други автори (авторска отговорност)
Лично име Christiane von Goethe
700 1# - Други автори (авторска отговорност)
Лично име Hrsg. Philipp Stein
852 ## - Местоположение
Форматна сигнатура МА 823
942 ## - АРТИКУЛИ
Вид на библиотечния материал Книги
Скрит в OPAC Не
944 ## - СЪЗДАВАНЕ И РЕДАКЦИЯ на ЗАПИСА
Създаване/Редакция Създаване
Дата на регистрацията/редакция 1996
Служител, извършил регистрацията/редакцията ValK
999 ## - СИСТЕМНИ КОНТРОЛНИ НОМЕРА
Koha biblionumber 343536
Koha biblioitemnumber 343536
Наличности
Код за отписване Код за изгубен артикул Източник на класификационната схема Код за повреда Коз за рестрикции Код за отдаване Артикулен № Име на библиотеката - собственик Име на библиотеката, в която се намира в момента Статус (Текущо местоположение) Местоположение - отдел Цена в лева Номерация (Хронология) Инвентарен номер Систематично азбучна сигнатура Баркод Номер на екземпляра Цена в евро Служебен тип на артикула
  Не е изгубен Universal Decimal Classification Не е повреден без рестрикции Специални фондове ( старопечатни, редки и ценни, фонд М. Арнаудов) 743733 Регионална библиотека "Любен Каравелов" Русе Регионална библиотека "Любен Каравелов" Русе Фонд "Михаил Арнаудов" Фонд "Михаил Арнаудов" 15.00   588284 МА 823 120000588284 1 7.67 Книги
Vip Innovations Ltd, Rousse, Bulgaria 2025